Cinco estudios sobre el habla popular en la literatura francesa (Record no. 49287)

MARC details
000 -LEADER
campo de control de longitud fija 00609nam a2200169 i 4500
001 - NÚMERO DE CONTROL
campo de control 49287
003 - IDENTIFICADOR DE NÚMERO DE CONTROL
campo de control ES-MaACL
005 - FECHA Y HORA DE LA ÚLTIMA TRANSACCIÓN
campo de control 20230906161923.0
007 - CAMPO FIJO DE DESCRIPCIÓN FÍSICA--INFORMACIÓN GENERAL
campo de control de longitud fija t|
008 - DATOS DE LONGITUD FIJA--INFORMACIÓN GENERAL
campo de control de longitud fija 030711q1964 sp ||||1| spa d
100 1# - ENTRADA PRINCIPAL--NOMBRE DE PERSONA
Nombre de persona Cortés, Luis.
9 (RLIN) 40866
245 10 - MENCIÓN DEL TÍTULO
Título Cinco estudios sobre el habla popular en la literatura francesa
Resto del título : Molière, Balzac, Maupassant, Grono, Sartre /
Mención de responsabilidad, etc. Luis Cortés.
260 ## - PUBLICACIÓN, DISTRIBUCIÓN, ETC.
Lugar de publicación, distribución, etc. Salamanca :
Nombre del editor, distribuidor, etc. Acta Salmanticencia Iussu, senatus Universitatis,
Fecha de publicación, distribución, etc. 1964.
300 ## - DESCRIPCIÓN FÍSICA
Extensión 132 p. ;
Dimensiones 25 cm.
500 ## - NOTA GENERAL
Nota general Es separata de: Filosofía y Letras. T. XVII, nº 4.
852 ## - LOCALIZACIÓN
Ubicación ES-MaACL
Número de control de estantería C-25353
Sublocalización o colección R.54210
Holdings
Estatus retirado Estado de pérdida Estado de daño No para préstamo Biblioteca de origen Biblioteca actual Ubicación en estantería Fecha de adquisición Fuente de adquisición Total de préstamos Signatura topográfica completa Código de barras Visto por última vez Precio de reemplazo Tipo de ítem Koha
        Biblioteca del Ateneo de Madrid Biblioteca del Ateneo de Madrid Depósito 2 17/01/2008     C-25353 1051865 23/02/2023 23/02/2023 Libro impreso